00265nam a2200109Ia 4500008004100000100001800041245002800059260003700087300000900124942000700133999001500140190216s9999||||xx |||||||||||||| ||und|| aMichael Batty 0aMicro Computer Graphics b"Chapman And Hall, London"c1987 a333p cBK c8353d8353